| 000 | 00660nac a22001451u 4500 | ||
|---|---|---|---|
| 008 | 090318s2004 xxu||||| |||| 00| 0 ara d | ||
| 020 | _a9990109451 | ||
| 082 |
_a320.95365 _bج ل ا |
||
| 245 |
_aالنظام السياسي في مملكة البحرين : _bالإصلاح في إطار الهوية / _cمحمد نعمان جلال |
||
| 260 |
_aالمنامة : _bمركز البحرين للدراسات والبحوث ،2004 _c2004. |
||
| 300 |
_a117 ص ؛ _c24 سم. |
||
| 504 | _aيشتمل على إرجاعات ببلوجرافية ص 107-117 | ||
| 650 |
_aالإصلاحات السياسية _922209 _zالبحرين |
||
| 942 |
_cBB _k320.95365ج ل ا _2ddc |
||
| 999 |
_c5768 _d5768 |
||